Name a valid Taylor Swift song #1 - Statistics

General Stats
  • This quiz has been taken 589 times
    375 since last reset
  • The average score is 10 of 12
Answer Stats
Hint Answer % Correct
Name a Taylor Swift song beginning with the letter 'L' Labyrinth | Last Christmas | Last Kiss | Lavender Haze | loml | London Boy | Long Live | long story short | Lover | Love Story
100%
Name a Taylor Swift song that has a color in the title White Horse | Red | Gold Rush | Lavender Haze | Maroon | The Black Dog
99%
Name a Taylor Swift song with over 1 billion streams on spotify Cruel Summer | Blank Space | I Don't Wanna Live Forever | Anti-Hero | Lover | cardigan | Shake It Off | august | Style | Don't Blame Me | Look What You Made Me Do | Delicate | Wildest Dreams | You Need To Calm Down | All Too Well (10 Minute Version) | Love Story (Taylor's Version) | Love Story | willow
96%
Name a Taylor Swift song which was on the folklore/evermore set of the eras tour cardigan | betty | champagne problems | august | illicit affairs | my tears ricochet | marjorie | willow
92%
Name a Taylor Swift song which isn't about a romantic relationship A Place In This World | The Outside | Tied Together With A Smile | I'm Only Me When I'm With You | Breathe | The Best Day | Change | Mean | Never Grow Up | Innocent | Long Live | Safe And Sound | Eyes Open | Ronan | 22 | The Lucky One | Starlight | Sweeter Than Fiction | Welcome To New York | Shake It Off | Bad Blood | New Romantics | Look What You Made Me Do | This Is Why We Can't Have Nice Things | The Man | The Archer | Soon You'll Get Better | You Need To Calm Down | The Last Great American Dynasty | My Tears Ricochet | Seven | This Is Me Trying | Mad Woman | Epiphany | No Body, No Crime | Long Story Short | Marjorie | Closure | Evermore | Nothing New | Forever Winter | Carolina | Anti-Hero | You're On Your Own Kid | Vigilante Shit | Bigger Than The Whole Sky | Dear Reader | Who's Afraid of Little Old Me? | Clara Bow | I Hate It Here | thanK you aIMee | Cassandra | Robin
89%
Name a Taylor Swift song from evermore which has someone feature on it no body, no crime | coney island | evermore
87%
Name a Taylor Swift song which has six words in the title The Other Side Of The Door | I Bet You Think About Me | Look What You Made Me Do | Miss Americana And The Heartbreak Prince | It's Nice To Have A Friend | Who's Afraid of Little Old Me? | The Smallest Man Who Ever Lived
84%
Name a Taylor Swift song where she laughs Hey Stephen | Speak Now | Better Than Revenge | Ours | We Are Never Ever Getting Back Together | Stay Stay Stay | I Bet You Think About Me | Shake It Off | Gorgeous | This Is Why We Can't Have Nice Things | I Forgot That You Existed | I Think He Knows
83%
Name a Taylor Swift song which has at least one official remix Love Story | You're Not Sorry | All Too Well | Everything Has Changed | Message In A Bottle | Wildest Dreams | ...Ready For It? | Delicate | Lover | cardigan | willow | Renegade | Lavender Haze | Anti-Hero | Fortnight | I Can Do It With a Broken Heart
83%
Name a Taylor Swift song which is a vault track on Speak Now (Taylor's Version) Electric Touch | When Emma Falls In Love | I Can See You | Castles Crumbling | Foolish One | Timeless
77%
Name a Taylor Swift song that is less than 3 minutes long I Look In People's Windows | Now That We Don't Talk | Glitch | It's Nice To Have A Friend | I Can Fix Him (No Really I Can) | Only The Young | Vigilante Shit | I Forgot That You Existed | You Need To Calm Down | Suburban Legends | I Think He Knows | Picture To Burn | Midnight Rain | Cruel Summer
70%
Name a Taylor Swift song which is a track 10 Mary's Song | The Way I Loved You | Better Than Revenge | The Last Time | How You Get The Girl | King Of My Heart | Death By A Thousand Cuts | illicit affairs | ivy | Labyrinth | Who's Afraid of Little Old Me? | CANCELLED!
61%
No matching quizzes found
Score Distribution
Percent of People with Each Score
Percentile by Number Answered
Your Score History
You have not taken this quiz since the last reset